| 000 | 00363nam a22001217a 4500 | ||
|---|---|---|---|
| 082 | _a220 PRO | ||
| 100 |
_aNC MINAHIL SARMAD PC AMNA ASIF PC SALMAN EJAZ _973020 |
||
| 245 | _aPR-SOF-1900-Smart Cabinet | ||
| 260 |
_aISLAMABAD _bENUST COLLEGE OF EM _c2020 |
||
| 650 | _aDE-COMP-38 | ||
| 700 |
_aPROJECT SUPERVISOR BRIG. DR. SYED M. TAHIR ZAIDI _973021 |
||
| 942 | _cCR | ||
| 999 |
_c578919 _d578919 |
||